书目信息 |
| 题名: |
创造力开发实用教程
|
|
| 作者: | 蔡惠京 , 吴晓红 编著 | |
| 分册: | ||
| 出版信息: | 长沙 湖南大学出版社 1997 |
|
| 页数: | 271页 | |
| 开本: | 20cm | |
| 丛书名: | ||
| 单 册: | ||
| 中图分类: | G305 | |
| 科图分类: | ||
| 主题词: | 创造力--开发--高等学校--教材 | |
| 电子资源: | ||
| ISBN: | 7-81053-100-X | |
| 000 | 00790nam0 2200253 45 | |
| 001 | 0198031150 | |
| 005 | 20031219104112.5 | |
| 010 | @a7-81053-100-X@dCNY14.00 | |
| 100 | @a19980608d1997 em y0chiy0121 ea | |
| 101 | 0 | @achi |
| 102 | @aCN@b430000 | |
| 105 | @af z 000yy | |
| 106 | @ar | |
| 200 | 10 | @a创造力开发实用教程@Achuang zao li kai fa shi yong jiao cheng@f蔡惠京,吴晓红编著 |
| 210 | @a长沙@c湖南大学出版社@d1997 | |
| 215 | @a271页@c插图@d20cm | |
| 300 | @a湖南省普通高校“九五”重点教材 | |
| 510 | 1 | @aA practical course in creative ability development@zeng |
| 606 | @a创造力@x开发@x高等学校@x教材 | |
| 690 | @aG305@v4 | |
| 701 | 0 | @a蔡惠京@Acai hui jing@4编著 |
| 701 | 0 | @a吴晓红@Awu xiao hong@4编著 |
| 801 | @aCN@bTSTC@c20030701 | |
| 905 | @b324538-542@dG305@e104@f5 | |
| 创造力开发实用教程/蔡惠京,吴晓红编著.-长沙:湖南大学出版社,1997 |
| 271页:插图;20cm |
| 湖南省普通高校“九五”重点教材 |
| ISBN 7-81053-100-X:CNY14.00 |
| ● |
| 相关链接 |
|
|
|
|
正题名:创造力开发实用教程
索取号:G305/104
 
预约/预借
| 序号 | 登录号 | 条形码 | 馆藏地/架位号 | 状态 | 备注 |
| 1 | 0324538 | 203245381 | 第四借阅区/ [索取号:G305/104] | 在馆 | |
| 2 | 0324539 | 203245390 | 第四借阅区/ [索取号:G305/104] | 在馆 | |
| 3 | 0324540 | 203245407 | 第四借阅区/ [索取号:G305/104] | 在馆 | |
| 4 | 0324541 | 203245416 | 第四借阅区/ [索取号:G305/104] | 在馆 | |
| 5 | 0324542 | 203245425 | 第一样本阅览室/ [索取号:G305/104] | 在馆 |